| 000 | 00463nam a2200157 i 4500 | ||
|---|---|---|---|
| 001 | 52731 | ||
| 003 | ES-MaACL | ||
| 005 | 20230906162634.0 | ||
| 007 | t| | ||
| 008 | 030903s1956 it ||||1| spa d | ||
| 245 | 0 | 3 | _aUn decenio de vida italiana. |
| 260 |
_aRoma : _bPresidencia del Consejo de Ministros, _c1956 ( _fApollon) |
||
| 300 |
_aVII, 368 p., 25 lám. : _bil. ; _c22 cm. |
||
| 852 |
_aES-MaACL _jC-21934 _bR.50216 |
||
| 852 |
_aES-MaACL _jC-49990 _bR.68888 |
||
| 999 |
_c52731 _d52731 |
||